| 000 | 00514nam a2200193 a 4500 | ||
|---|---|---|---|
| 001 | 1756204958911 | ||
| 003 | ACL | ||
| 005 | 20250826161552.0 | ||
| 008 | 250826s2007##################000#0#eng## | ||
| 020 | _a9781579909147 | ||
| 082 | 0 | 4 |
_a746.434041 _bSCH |
| 100 | 1 |
_aSchäpper, Linda, _eauthor. |
|
| 245 | 1 | 0 | _aThe Complete Book of Crochet Border Designs : |
| 260 |
_bSterling Publishing Company, _c2007. |
||
| 300 | _a268 pages | ||
| 650 | 0 | _aCrafts & Hobbies. | |
| 942 | _cENGLISH | ||
| 040 |
_aACL _beng _cACL |
||
| 999 |
_c584140 _d584140 |
||